| 000 | 00958nam a22002177a 4500 | ||
|---|---|---|---|
| 999 |
_c12665 _d12665 |
||
| 003 | AR-CdUCM | ||
| 008 | 190409b ||||| |||| 00| 0 spa d | ||
| 040 |
_aMUNICIPALIDAD PROVINCIAL DEL CUSCO _cBIBLIOTECA MUNICIPAL DEL CUSCO |
||
| 082 |
_aC / 712 / _bSI612 |
||
| 110 |
_aSimposio Nacional de Arte Rupestre _930629 |
||
| 245 |
_aI Simposio nacional de arte rupestre : _bCusco, Peru - 2004 |
||
| 260 |
_aCusco : _bAmauta, _c2004. |
||
| 300 |
_a103 páginas ; _bIlustraciones, Mapas plegables, Cuadros, Imágenes, _c21 cm. |
||
| 500 | _aAuspicio: Instituto Francés de estudios Andinos, Embajada de Australia-Lima, BHP Billington, Tintaya. | ||
| 505 | _aContenido: Arte Rupestre -- Organización del Simposio -- Programa -- Resumen de ponencias -- Relación de ponentes -- Curriculum Vitae de conferencistas ... | ||
| 650 |
_aArte rupestre _912199 |
||
| 650 |
_aPerú _935 |
||
| 650 |
_aCongresos _92448 |
||
| 942 |
_2ddc _cLIBROS |
||
| 945 |
_acmm _d2019-04-09 |
||